00862nam a2200241 u 45000010006000000050017000060080041000230350010000640350021000740400013000950410008001080820009001161000037001252450039001622600037002013000018002385200194002566500023004506500034004736500032005076500031005397000050005705641720260506072333.0960313s1988 spa  a56417 a(OCoLC)778160858 ccomduadb aspa 4aC86110aEscobar Sanin, Roberto4auteaut10aPanorama de la poesía amalfitana aBogotá :bPluma de Oro,c1988. a130 páginas3 a"En este panorama de la poesía amalfitana quedan incluidos los parnásidas del pretérito, del presente y los neóticos que empiezan a describir su parábola radiante en la lírica." aPoetas amalfitanos aAmalfi (Antioquia) - Poesía 7aPoesía antioqueña2lemb 7aPoetas antioqueños2lemb10aIbarbo Sepúlveda, Alberto,d1942-4auteaut